Catálogo público

Evaluación del fitoestimulante Frutigrow ® en higo (Ficus carica L. cv. Nezahualcóyotl) bajo invernadero / (Record no. 219474)

MARC details
000 -CABECERA
campo de control de longitud fija 01278nam a2200289 a 4500
003 - IDENTIFICADOR DEL NÚMERO DE CONTROL
campo de control OSt
005 - FECHA Y HORA DE LA ÚLTIMA TRANSACCIÓN
campo de control 20250422072847.0
007 - CAMPO FIJO DE DESCRIPCIÓN FÍSICA--INFORMACIÓN GENERAL
campo de control de longitud fija cr ||||||a|c|a
008 - DATOS DE LONGITUD FIJA--INFORMACIÓN GENERAL
campo de control de longitud fija 231129s2023 mx d|||fom||| 00| 0 spa d
040 ## - FUENTE DE LA CATALOGACIÓN
Normas de descripción rda
100 1# - ENTRADA PRINCIPAL--NOMBRE DE PERSONA
9 (RLIN) 188331
Nombre de persona Bañuelos Juárez, José Tonanci
245 1# - MENCIÓN DE TÍTULO
Título Evaluación del fitoestimulante Frutigrow ® en higo (Ficus carica L. cv. Nezahualcóyotl) bajo invernadero /
Mención de responsabilidad, etc. por José Tonanci Bañuelos Juárez; director de tesis Samuel Sánchez Dominguez.
264 #1 - PRODUCCIÓN, PUBLICACIÓN, DISTRIBUCIÓN, FABRICACIÓN Y COPYRIGHT
Producción, publicación, distribución, fabricación y copyright Chapingo, México :
Nombre del de productor, editor, distribuidor, fabricante El autor,
Fecha de producción, publicación, distribución, fabricación o copyright 2023.
300 ## - DESCRIPCIÓN FÍSICA
Extensión 1 recurso en línea (52 páginas):
Otras características físicas gráficas.
336 ## - TIPO DE CONTENIDO
Fuente rdacontent
Término de tipo de contenido texto
Código de tipo de contenido txt
337 ## - TIPO DE MEDIO
Fuente rdamedia
Nombre/término del tipo de medio computadora
Código del tipo de medio c
338 ## - TIPO DE SOPORTE
Fuente rdacarrier
Nombre/término del tipo de soporte recurso en línea
Código del tipo de soporte cr
502 ## - NOTA DE TESIS
Tipo de título Ingeniero Agrónomo Especialista en Fitotecnia
Nombre de la institución que otorga el título Departamento de Enseñanza, Investigación y Servicio en Fitotecnia,
Año de obtención del título 2023.
Información miscelánea Licenciatura
504 ## - NOTA DE BIBLIOGRAFÍA, ETC.
Nota de bibliografía, etc. Incluye referencias bibliográficas: páginas 38-43.
650 #4 - PUNTO DE ACCESO ADICIONAL DE MATERIA--TÉRMINO DE MATERIA
9 (RLIN) 131429
Término de materia o nombre geográfico como elemento de entrada Reguladores de crecimiento de las plantas
Subdivisión general Análisis
650 #4 - PUNTO DE ACCESO ADICIONAL DE MATERIA--TÉRMINO DE MATERIA
9 (RLIN) 40449
Término de materia o nombre geográfico como elemento de entrada Fertilizantes
Subdivisión general Análisis
650 #4 - PUNTO DE ACCESO ADICIONAL DE MATERIA--TÉRMINO DE MATERIA
9 (RLIN) 130664
Término de materia o nombre geográfico como elemento de entrada Fertilizantes
Subdivisión general Efecto en higo
650 #4 - PUNTO DE ACCESO ADICIONAL DE MATERIA--TÉRMINO DE MATERIA
9 (RLIN) 130276
Término de materia o nombre geográfico como elemento de entrada Higo
Subdivisión general Rendimiento
700 1# - PUNTO DE ACCESO ADICIONAL--NOMBRE DE PERSONA
Nombre de persona Sánchez Domínguez, Samuel
Término indicativo de función/relación director.
9 (RLIN) 107478
856 ## - LOCALIZACIÓN Y ACCESO ELECTRÓNICOS
Identificador Uniforme del Recurso http://10.13.5.2/tesis/tl/1410199-8_BANUELOS_JUAREZ_JOSETONANCI.pdf
Nota pública DESCARGAR PDF
942 ## - ELEMENTOS DE PUNTO DE ACCESO ADICIONAL (KOHA)
Fuente del sistema de clasificación o colocación Clasificación Universidad Autónoma Chapingo
Tipo de ítem Koha Tesis digital
Holdings
Estado de retiro Estado de pérdida Fuente del sistema de clasificación o colocación Estado dañado Restricciones de uso No para préstamo Código de colección Localización permanente Ubicación/localización actual Ubicación en estantería Fecha de adquisición Total de préstamos Signatura topográfica completa Fecha visto por última vez Precio válido a partir de Tipo de ítem Koha
    Clasificación Universidad Autónoma de Chapingo   Préstamo interno   Tesis digitales de Licenciatura Biblioteca Digital Biblioteca Digital En línea 29/11/2023   Tesis digital 29/11/2023 29/11/2023 Tesis digital